[Event "Ilichevsk Sunny Pawn-B"]
[Site "Ilichevsk"]
[Date "2008.07.28"]
[Round "8"]
[White "Prociuc, Evgenii"]
[Black "Semenov, Valeri"]
[Result "1-0"]
[WhiteElo "2109"]
[BlackElo "2351"]
[PlyCount "119"]
[EventDate "2008.07.20"]
[EventType "tourn"]
[EventRounds "11"]
[EventCountry "UKR"]
[SourceTitle "CBM 125 Extra"]
[Source "ChessBase"]
[SourceDate "2008.09.01"]
[SourceVersion "1"]
[SourceVersionDate "2008.09.01"]
[SourceQuality "1"]

1. e4 Nf6 2. Nc3 d5 3. exd5 Nxd5 4. Bc4 c6 5. d4 Bf5 6. Nge2 e6 7. Ng3 Nxc3 8. bxc3 Bg6 9. Rb1 Qc7 10. Bd3 Bd6 11. Qf3 Nd7 12. Ne4 b6 13. Nxd6+ Qxd6 14. Bf4 Qd5 15. Qxd5 cxd5 16. Ba6 Ke7 17. Bb7 Bxc2 18. Rb2 Bd3 19. Bxa8 Rxa8 20. Kd2 Bc4 21. a4 Rc8 22. Bg3 Rc6 23. Ra1 f6 24. Re1 Kf7 25. Rbb1 Rc8 26. h3 Re8 27. Bh2 Rc8 28. Re3 Rc6 29. Kc2 Rc8 30. g4 g6 31. Rbe1 Rc6 32. f4 b5 33. f5 Nf8 34. Rb1 a6 35. fxg6+ Nxg6 36. a5 Rc8 37. Rbe1 Re8 38. Bd6 Nh4 39. Rg1 Rd8 40. Bg3 Ng6 41. Rge1 Re8 42. h4 h6 43. h5 Nf8 44. Bf4 Nd7 45. Bxh6 e5 46. dxe5 fxe5 47. Rf3+ Kg8 48. Rf5 e4 49. Rg5+ Kh8 50. Bg7+ Kh7 51. Bd4 Re7 52. Rg6 Nf8 53. Rxa6 b4 54. Ra7 b3+ 55. Kb2 Rxa7 56. Bxa7 Ne6 57. Be3 Nd8 58. g5 Nc6 59. g6+ Kg7 60. Rg1 1-0

[Event "Ilichevsk Sunny Pawn-B"]
[Site "Ilichevsk"]
[Date "2008.07.23"]
[Round "4"]
[White "Semenov, Valeri"]
[Black "Romcovici, Victor"]
[Result "1/2-1/2"]
[WhiteElo "2351"]
[BlackElo "2222"]
[PlyCount "254"]
[EventDate "2008.07.20"]
[EventType "tourn"]
[EventRounds "11"]
[EventCountry "UKR"]
[SourceTitle "CBM 125 Extra"]
[Source "ChessBase"]
[SourceDate "2008.09.01"]
[SourceVersion "1"]
[SourceVersionDate "2008.09.01"]
[SourceQuality "1"]

1. Nf3 d5 2. d4 f5 3. c4 c6 4. e3 Nf6 5. Bd3 e6 6. 0-0 Bd6 7. b3 Qe7 8. a4 a5 9. Ba3 Na6 10. Bxd6 Qxd6 11. c5 Qc7 12. Bxa6 Rxa6 13. Ne5 b6 14. cxb6 Rxb6 15. Nd2 Ba6 16. Re1 0-0 17. Rc1 Nd7 18. Nxd7 Qxd7 19. Rc5 e5 20. dxe5 Qe7 21. Qc1 Qxe5 22. Rxc6 Rxc6 23. Qxc6 Rf6 24. Qa8+ Kf7 25. Nf3 Qd6 26. Rd1 Kg6 27. Qxd5 Qb4 28. Rd4 Qc3 29. Ne5+ Kh6 30. Rd1 g6 31. Nf3 Bc8 32. Nd4 Qc7 33. h3 f4 34. exf4 Qxf4 35. Qf3 Qxf3 36. Nxf3 Bxh3 37. Rd5 Be6 38. Rxa5 Bxb3 39. Ra7 Rf4 40. a5 Ra4 41. Ne5 Kg5 42. Rxh7 Rxa5 43. Nf3+ Kf6 44. Kh2 Bd5 45. Ng1 Ra2 46. Kg3 Ra3+ 47. f3 Ra2 48. Nh3 Bc4 49. Rc7 Bf1 50. Rc6+ Kf5 51. Rc5+ Kf6 52. Nf2 Rb2 53. Rc1 Bb5 54. Ng4+ Ke6 55. Rc5 Bd3 56. Rc6+ Ke7 57. Rc3 Bf1 58. Ne3 Ba6 59. Kh4 Rb5 60. Rc7+ Kd6 61. Rg7 Rh5+ 62. Kg3 Bd3 63. Rg8 Ke7 64. Ra8 Kf7 65. Ra3 Bf5 66. Kf4 Be6 67. g4 Rb5 68. g5 Rb4+ 69. Kg3 Bc8 70. Rc3 Bd7 71. Rd3 Be6 72. Ra3 Rd4 73. Ra7+ Kf8 74. Ra5 Kf7 75. Ng2 Rd7 76. Nf4 Bf5 77. Nd5 Be6 78. Nf6 Rb7 79. Kf4 Re7 80. Ne4 Bh3 81. Ra6 Kg7 82. Nd6 Bf1 83. Rb6 Bd3 84. Rb7 Rxb7 85. Nxb7 Be2 86. Nd6 Kf8 87. Ne4 Ke7 88. Nc3 Bd3 89. Ke5 Bc2 90. Nd5+ Kf7 91. Kd6 Bd1 92. f4 Bc2 93. Nf6 Bb1 94. Nd7 Bc2 95. Ne5+ Kg7 96. Ke7 Bb1 97. Nf7 Bc2 98. Nd8 Bb3 99. Ne6+ Kg8 100. Kf6 Ba2 101. Nd8 Bb1 102. Nc6 Bc2 103. Ne7+ Kh7 104. Nc8 Bb1 105. Nd6 Kg8 106. Nc8 Bc2 107. Ne7+ Kh7 108. Kf7 Bb3+ 109. Kf8 Bc2 110. Nd5 Bb3 111. Nf6+ Kh8 112. Ne8 Kh7 113. Nd6 Ba2 114. Nf7 Bb3 115. Ne5 Bc2 116. Nc6 Bb3 117. Ne7 Bc2 118. f5 gxf5 119. g6+ Kh6 120. g7 Bb3 121. Nxf5+ Kg6 122. Ne7+ Kf6 123. Nc6 Ba2 124. Nd4 Bc4 125. Ne2 Ba2 126. Ng3 Bb3 127. Ne4+ Kg6 1/2-1/2

[Event "RUS-Cup02"]
[Site "Moscow"]
[Date "1998.??.??"]
[Round "4"]
[White "Loginov, Anton"]
[Black "Semenov, Valeri"]
[Result "1-0"]
[WhiteElo "2250"]
[BlackElo "2325"]
[PlyCount "63"]
[EventDate "1998.01.21"]
[EventType "swiss"]
[EventRounds "9"]
[EventCountry "RUS"]
[SourceTitle "CBM 063"]
[Source "ChessBase"]
[SourceDate "1998.03.26"]
[SourceVersion "1"]
[SourceVersionDate "1998.03.26"]
[SourceQuality "1"]

1. d4 Nf6 2. c4 g6 3. Nc3 Bg7 4. e4 d6 5. f4 0-0 6. Nf3 c5 7. dxc5 Qa5 8. Bd3 Qxc5 9. Qe2 Nc6 10. Be3 Qa5 11. Rc1 Bg4 12. 0-0 Nh5 13. Qf2 Rac8 14. a3 Qd8 15. Nd2 Bd7 16. b4 b6 17. Nb3 e6 18. Qd2 Nf6 19. Be2 Qe7 20. Rfd1 d5 21. e5 Ne8 22. c5 Qd8 23. b5 bxc5 24. bxc6 d4 25. cxd7 Qxd7 26. Bf2 f6 27. Nxc5 Rxc5 28. Qxd4 Rd5 29. Nxd5 exd5 30. Qxd5+ Qxd5 31. Rxd5 fxe5 32. fxe5 1-0

[Event "Krasnodar op"]
[Site "Krasnodar"]
[Date "1997.??.??"]
[Round "?"]
[White "Gelman, Alexander"]
[Black "Semenov, Valeri"]
[Result "1-0"]
[WhiteElo "2415"]
[BlackElo "2335"]
[PlyCount "54"]
[EventDate "1997.??.??"]
[EventType "swiss"]
[EventRounds "11"]
[EventCountry "RUS"]
[SourceTitle "EXT 2000"]
[Source "ChessBase"]
[SourceDate "1999.11.16"]
[SourceVersion "1"]
[SourceVersionDate "1999.11.16"]
[SourceQuality "1"]

1. e4 g6 2. d4 Bg7 3. Nc3 d6 4. h3 Nf6 5. Be3 c6 6. a4 a5 7. g4 h5 8. g5 Ng8 9. d5 e6 10. dxe6 Bxe6 11. f4 Ne7 12. Bd4 0-0 13. Bxg7 Kxg7 14. Qd4+ Kg8 15. 0-0-0 Nc8 16. Nf3 Nd7 17. Rg1 Qb6 18. f5 gxf5 19. g6 Qxd4 20. Nxd4 f4 21. Nce2 c5 22. Nb5 Bc4 23. Nxf4 Bxf1 24. gxf7+ Kh7 25. Rdxf1 Rxf7 26. Nc7 Rb8 27. Nce6 Rf6 1-0

[Event "Krasnodar op"]
[Site "Krasnodar"]
[Date "1996.??.??"]
[Round "5"]
[White "Kobylkin, Evgeni"]
[Black "Semenov, Valeri"]
[Result "1-0"]
[WhiteElo "2380"]
[BlackElo "2375"]
[PlyCount "56"]
[EventDate "1996.??.??"]
[EventType "swiss"]
[EventRounds "11"]
[EventCountry "RUS"]
[SourceTitle "EXT 2000"]
[Source "ChessBase"]
[SourceDate "1999.11.16"]
[SourceVersion "1"]
[SourceVersionDate "1999.11.16"]
[SourceQuality "1"]

1. d4 Nf6 2. c4 g6 3. Nc3 Bg7 4. e4 d6 5. Nf3 0-0 6. Be2 e5 7. 0-0 Nc6 8. d5 Ne7 9. Ne1 Nd7 10. Be3 f5 11. f3 f4 12. Bf2 g5 13. a4 Nf6 14. c5 Rf7 15. a5 Bf8 16. cxd6 cxd6 17. Nb5 g4 18. Bxa7 g3 19. Bb6 gxh2+ 20. Kh1 Qd7 21. Nc7 Ng6 22. Nxa8 Nh5 23. Bf2 Be7 24. Nb6 Qd8 25. Rc1 Bd7 26. Nxd7 Bh4 27. Nd3 Bxf2 28. Nxf2 Qg5 1-0

[Event "Moscow IM3"]
[Site "Moscow"]
[Date "1996.??.??"]
[Round "?"]
[White "Lymar, Irina"]
[Black "Semenov, Valeri"]
[Result "1-0"]
[WhiteElo "2210"]
[BlackElo "2375"]
[PlyCount "70"]
[EventDate "1996.??.??"]
[EventType "tourn"]
[EventRounds "9"]
[EventCountry "RUS"]
[EventCategory "4"]
[SourceTitle "EXT 2000"]
[Source "ChessBase"]
[SourceDate "1999.11.16"]
[SourceVersion "1"]
[SourceVersionDate "1999.11.16"]
[SourceQuality "1"]

1. d4 Nf6 2. Nf3 e6 3. c4 b6 4. g3 Bb7 5. Bg2 Be7 6. Nc3 Ne4 7. Bd2 d5 8. Ne5 0-0 9. 0-0 Na6 10. Rc1 c5 11. cxd5 exd5 12. Nxe4 dxe4 13. dxc5 Bxc5 14. Bc3 Qe7 15. Qa4 Nb4 16. Rfd1 Nd5 17. Bd4 Bxd4 18. Qxd4 Rae8 19. Nc6 Bxc6 20. Rxc6 Nf6 21. Qd6 Qxd6 22. Rdxd6 Re7 23. h3 h6 24. g4 Re5 25. Rc4 Rfe8 26. e3 R8e7 27. Rc8+ Kh7 28. a4 h5 29. gxh5 Kh6 30. Kf1 Kxh5 31. Ke2 Kg5 32. b4 g6 33. Rdc6 Ne8 34. b5 f5 35. h4+ Kh6 1-0

[Event "Moscow-C"]
[Site "Moscow"]
[Date "1996.??.??"]
[Round "?"]
[White "Semenov, Valeri"]
[Black "Sazonova, Elena"]
[Result "1-0"]
[WhiteElo "2375"]
[BlackElo "2250"]
[PlyCount "57"]
[EventDate "1996.??.??"]
[EventType "tourn"]
[EventRounds "9"]
[EventCountry "RUS"]
[EventCategory "4"]
[SourceTitle "EXT 1998"]
[Source "ChessBase"]
[SourceDate "1997.11.17"]
[SourceVersion "1"]
[SourceVersionDate "1997.11.17"]
[SourceQuality "1"]

1. Nf3 d5 2. d4 Nf6 3. c4 c6 4. Nc3 Bf5 5. Qb3 b6 6. cxd5 cxd5 7. Ne5 e6 8. e3 a6 9. Be2 Bd6 10. 0-0 0-0 11. Bd2 Nbd7 12. f4 b5 13. Rfc1 Rc8 14. Nd1 Ne4 15. Be1 Nb6 16. Ba5 Bc7 17. Bxb6 Bxb6 18. Rxc8 Qxc8 19. a4 Nd2 20. Qb4 Ne4 21. axb5 a5 22. Qe1 f6 23. Nc6 Qe8 24. Nc3 Nxc3 25. Qxc3 Be4 26. Qa3 Qf7 27. Qd6 Bc7 28. Ne7+ Kh8 29. Qxc7 1-0

[Event "Moscow-C"]
[Site "Moscow"]
[Date "1996.??.??"]
[Round "?"]
[White "Ukolov, Aleksandr"]
[Black "Semenov, Valeri"]
[Result "0-1"]
[WhiteElo "2375"]
[BlackElo "2375"]
[PlyCount "112"]
[EventDate "1996.??.??"]
[EventType "tourn"]
[EventRounds "9"]
[EventCountry "RUS"]
[EventCategory "4"]
[SourceTitle "EXT 1998"]
[Source "ChessBase"]
[SourceDate "1997.11.17"]
[SourceVersion "1"]
[SourceVersionDate "1997.11.17"]
[SourceQuality "1"]

1. d4 d5 2. c4 e6 3. Nf3 c5 4. cxd5 exd5 5. g3 Nc6 6. Bg2 c4 7. Nc3 Bb4 8. 0-0 Nge7 9. Ne5 0-0 10. Nxc6 bxc6 11. e4 Be6 12. Bg5 f6 13. Bd2 Rb8 14. Re1 Bf7 15. e5 fxe5 16. dxe5 Bc5 17. Rf1 Rxb2 18. Na4 Rb5 19. Nxc5 Rxc5 20. e6 Bg6 21. Bc3 Ra5 22. a4 Qb6 23. Qe1 Ra6 24. Qe5 Rf6 25. Qd6 Nf5 26. Qd7 d4 27. e7 Nd6 28. Qd8+ Be8 29. Bxd4 Qxd4 30. Rad1 Qc5 31. Rxd6 Kf7 32. Rxf6+ gxf6 33. Re1 Rb6 34. Qd2 Kg7 35. Qe2 c3 36. h4 h5 37. Qe3 Qxe3 38. fxe3 Kf7 39. Rc1 Rb3 40. Be4 Kxe7 41. Kf2 Ra3 42. Bc2 c5 43. e4 Ke6 44. Ke3 Ke5 45. Rd1 Bc6 46. Rd8 Ra2 47. Rc8 Kd6 48. Kd3 Bxe4+ 49. Kxe4 Rxc2 50. Rd8+ Kc6 51. Rc8+ Kb6 52. Rb8+ Kc7 53. Rb3 Kc6 54. Kf5 c4 55. Rb4 Kc5 56. Rb5+ Kd4 0-1

[Event "URS-ch Army"]
[Site "Simferopol"]
[Date "1989.??.??"]
[Round "?"]
[White "Semenov, Valeri"]
[Black "Ivanov, Ale"]
[Result "1-0"]
[WhiteElo "2300"]
[BlackElo "2470"]
[PlyCount "63"]
[EventDate "1989.??.??"]
[EventType "swiss"]
[EventRounds "11"]
[EventCountry "URS"]
[SourceTitle "EXT 1997"]
[Source "ChessBase"]
[SourceDate "1996.11.15"]
[SourceVersion "1"]
[SourceVersionDate "1996.11.15"]
[SourceQuality "1"]

1. c4 e5 2. Nf3 Nc6 3. d4 exd4 4. Nxd4 Nxd4 5. Qxd4 Qf6 6. Qxf6 Nxf6 7. Nc3 Bb4 8. Bd2 d6 9. a3 Ba5 10. e3 Bd7 11. Be2 0-0 12. 0-0 a6 13. Rfd1 Bb6 14. Bf3 Rab8 15. Rac1 Rfd8 16. h3 Be6 17. Nd5 Nxd5 18. cxd5 Bd7 19. Bc3 Ba4 20. Rd2 c5 21. dxc6 bxc6 22. Bb4 d5 23. b3 Bxb3 24. Rxc6 Bc4 25. Be7 Re8 26. Bd6 Ba5 27. Rd1 Rbd8 28. Bb4 Bxb4 29. axb4 Rb8 30. Bxd5 Bxd5 31. Rxd5 Rxb4 32. Rxa6 1-0